Missing Word: Boy Names in TV Quiz Stats

Quiz Updated Mar 9, 2016

Challenge
Share
Tweet
Embed
Score 0/20 Timer 02:00
0 Plays Today
TV Show Male Names % Correct
Everybody Loves ___Raymond
96.6%
___'s AngelsCharlie
94.8%
Everybody Hates ___Chris
84.8%
___ Nye the Science GuyBill
83.8%
My Name is ___Earl
83.1%
Phineas and ___Ferb
71.6%
The Suite Life of ___ & CodyZack
71.3%
Drake & ___Josh
54.2%
___ Welby, M.D.Marcus
51.8%
___ MillerBarney
45.1%
TV Show Male Names % Correct
___ HeadroomMax
44.7%
___ and the ManChico
38.1%
It's ___ Shandling's ShowGarry
38.1%
The Many Loves of ___ GillisDobie
33.8%
___ CaseyBen
31.4%
___ GunnPeter
25.7%
___ QuestJonny
23.2%
Tough Crowd with ___ QuinnColin
22.7%
___ Lewis Can't LoseParker
18.8%
Father ___Ted or Murphy
18.4%

Today's Daily Dose

Missing Word
1971 Movies A-Z

Word Ladder
Complete Tour

Quick Pick
Logo Colors

On This Day
January 19th

You're not logged in!

Compare scores with friends on all Sporcle quizzes.
Sign Up with Email
OR
Log In

You Might Also Like...

Show Comments

Extras

Top Quizzes Today


Score Distribution

Your Account Isn't Verified!

In order to create a playlist on Sporcle, you need to verify the email address you used during registration. Go to your Sporcle Settings to finish the process.